Logo BPK

Biblioteka

Politechniki Koszalińskiej

Nietypowe formy zatrudnienia w Republice Federalnej Niemiec / (Rekord nr 45401)

Szczegóły MARC
000 -ETYKIETA REKORDU
podpole kontrolne o stałej długości 00723nam a2200217 i 4500
001 - NUMER KONTROLNY REKORDU
pole kontrolne bg
020 ## - MIĘDZYNARODOWY ZNORMALIZOWANY NUMER KSIĄŻKI - ISBN
ISBN 8372851980
040 ## - ŹRÓDŁO KATALOGOWANIA
Instytucja, która utworzyła rekord BPK
041 0# - KOD JĘZYKA
Kod języka tekstu pol
080 ## - UNIWERSALNA KLASYFIKACJA DZIESIĘTNA - UKD
UKD 331.5(430)
920 ## - Międzynarodowy znormalizowany numer książki – ISBN
ISBN 83-7285-198-0
008 - POLE O STAŁEJ DŁUGOŚCI - DANE KONTROLNE
podpole kontrolne o stałej długości s pl f |000 0 pol
100 1# - NAZWA OSOBOWA
Nazwa osobowa MOSZYŃSKI, Michał
245 10 - TYTUŁ/ODPOWIEDZIALNOŚĆ
Tytuł Nietypowe formy zatrudnienia w Republice Federalnej Niemiec /
Pozostałe elementy strefy tytułu i oznaczenia odpowiedzialności Michał Moszyński.
260 ## - STREFA ADRESU WYDAWNICZEGO
Miejsce wydania Toruń :
Nazwa wydawcy/dystrybutora Towarzystwo Naukowe Organizacji i Kierownictwa "Dom Organizatora",
Data publikacji, dystrybucji/powstania dokumentu 2004.
300 ## - STREFA OPISU FIZYCZNEGO
Objętość 280 s. :
Inne cechy fizyczne wykr. ;
Rozmiary 24 cm.
504 ## - UWAGA DOTYCZĄCA BIBLIOGRAFII
Informacje o bibliografii Bibliogr.
650 #9 - HASŁO PRZEDMIOTOWE W FORMIE NAZWY OGÓLNEJ LUB JEDNOSTKOWEJ
Nazwa ogólna lub geograficzna Zatrudnienie
Określnik geograficzny Niemcy (Republika Federalna)
Określnik chronologiczny od 1989 r.
856 ## - LOKALIZACJA I DOSTĘP DO ELEKTRONICZNYCH DOKUMENTÓW ZDALNYCH
Link (URL) http://koha.tu.koszalin.pl/cgi-bin/koha/opac-detail.pl?biblionumber=45401
Tekst linku Katalog online BPK
942 ## - DODATKOWE ELEMENTY (KOHA)
Typ dokumentu Książka
Egzemplarze
Wycofany Status egzemplarza Uszkodzony Dostępność Lokalizacja stała Lokalizacja bieżąca Miejsce przechowywania Sygnatura Kod kreskowy Dział Typ dokumentu Ostatnio wypożyczono
      Tylko na miejscu Biblioteka Politechniki Koszalińskiej Biblioteka Politechniki Koszalińskiej Czytelnia Wydziałowa ul. Kwiatkowskiego 6e 74096 02210469 331 Praca Książka  
      Dostępny Biblioteka Politechniki Koszalińskiej Biblioteka Politechniki Koszalińskiej Wypożyczalnia BG 74097 02210452   Książka 15.12.2015
© 2023 Biblioteka Politechniki Koszalińskiej :: KOHA